Statistics for Mystery Taylor Swift Song #9

Click here to take the quiz!

General Stats

  • This quiz has been taken 1,147 times
    (961 since last reset)
  • The average score is 59 of 102

Answer Stats

Song% Correct
I
95%
a
94%
love
92%
me
87%
the
87%
He
84%
midnight
84%
my
84%
it
82%
when
81%
and
78%
of
78%
that
78%
was
78%
midnights
77%
Midnights
77%
Rain
76%
we
76%
Like
75%
All
74%
So
72%
wanted
72%
own
71%
in
70%
on
70%
pain
70%
making
69%
name
69%
comfortable
68%
bride
67%
sunshine
67%
Chasing
66%
fame
66%
for
66%
same
66%
But
65%
stayed
65%
changed
64%
I'm
63%
this
62%
'cause
61%
what
61%
him
60%
some
60%
his
59%
it's
58%
think
57%
Midnight Rain
56%
heart
55%
never
55%
Just
54%
wasteland
54%
boy
53%
day
53%
town
53%
every
52%
Full
52%
nice
52%
broke
51%
montage
51%
paradise
51%
pretenders
49%
time
49%
TV
49%
came
48%
gave
48%
get
48%
thinks
48%
Except
47%
off
47%
fences
46%
life
46%
ocean
46%
postcard
46%
queens
46%
away
45%
cages
45%
potion
45%
things
45%
guess
44%
Pageant
44%
sometimes
44%
motion
43%
slow
43%
candy
41%
kind
41%
family
39%
haunted
39%
Jumping
39%
peppermint
39%
perfect
39%
Picture
38%
shiny
38%
through
37%
window
37%
big
36%
unravel
36%
Holiday
35%
travel
34%
deep
31%
portal
31%
peered
29%

Score Distribution

Percentile by Number Answered

Percent of People with Each Score

Your Score History

You have not taken this quiz since the last reset